|
|
|
|
| LEADER |
00697nab a2200157 i 4500 |
| 001 |
misc2659 |
| 005 |
20191106144337.0 |
| 008 |
170607s1893 hu o 0|| hun d |
| 040 |
|
|
|a SZTE Miscellanea Repozitórium
|b hun
|
| 041 |
|
|
|a hun
|
| 245 |
0 |
0 |
|a [Ha a vevő vételi ügylet megkötése előtt az eladó részéről arra, hogy a megvenni czélzott árukat szemlélje meg, felszólittatott [!felszólíttatott]...]
|h [elektronikus dokumentum]
|
| 260 |
|
|
|c 1893
|
| 300 |
|
|
|a 10-23
|
| 490 |
0 |
|
|a A kereskedelmi jog és ismeretek tára : havi folyóirat
|v 3 No. 45
|
| 695 |
|
|
|a Jogtudomány, Közgazdaságtudomány
|
| 856 |
4 |
0 |
|u http://misc.bibl.u-szeged.hu/2659/1/kereskedelmi_003_045_010-023.pdf
|z Dokumentum-elérés
|